000 03422cam a22012614i 4500
003 PE-LiUPU
005 20250813185416.0
008 180521s2003 sp a r0 000 0 spa d
020 _a9788484761136
035 _a(Sirsi) a242044
040 _aPE-LiUPU
_bspa
_cPE-LiUPU
_erda
049 _aPRUA
082 0 4 _a333.74137
_bI5
_221
245 0 3 _aLa Ingeniería en los procesos de desertificación /
_cFiliberto López Cadenas de Llano [coordinador].
264 1 _aMadrid :
_bGrupo TRAGSA,lc2003.
300 _a1045 páginas :
_bilustraciones ;
_c30 centímetros.
336 _atext
_2rdacontent
337 _aunmediated
_2rdamedia
338 _avolume
_2rdacarrier
504 _aBibliografía : páginas 1044-1045.
505 0 _aLa historia de la certificación -- conferencia de naciones unidas sobre desertificación -- simposium sobre desertificación en Europa -- conferencia de naciones unidas de desarrollo y medio -- convenciones de lucha contra la desertificación -- conferencia de las partes.
526 _aP202
526 _aP201
526 _aP163
526 _aP162
526 _aP161
526 _aP160
526 _aP148
526 _aP147
526 _aP146
526 _aP145
526 _aP144
526 _aP143
526 _aP142
526 _aP141
526 _aP140
526 _aP139
526 _aP138
526 _aP137
526 _aP136
526 _aP135
526 _aP134
526 _aP133
526 _aP129
526 _aP128
526 _aP127
526 _aP120
526 _aP119
526 _aP118
526 _aP116
526 _aP115
526 _aP114
526 _aP110
526 _aP109
526 _aP108
526 _aP104
526 _aP103
526 _aP102
526 _aP99
526 _aP98
526 _aP97
526 _aP96
526 _aP95
526 _aP93
526 _aP90
526 _aP89
526 _aP88
526 _aP83
526 _aP82
526 _aP62
526 _aP59
526 _aP58
526 _aP57
526 _aP51
526 _aP49
526 _aP48
526 _aP47
526 _aP29
526 _aP24
526 _aP20
526 _aP19
526 _aP17
526 _aP15
526 _aP14
526 _aP12
526 _aP10
526 _aP09
526 _aP08
526 _aP07
526 _aP06
526 _aP05
526 _aP04
526 _aP01
541 _g002-00000048;
650 4 _aDesertificación.
650 4 _aIngeniería ambiental.
650 4 _aEcología agricola.
650 4 _aDesertification.
650 0 4 _aEnvironmental engineering.
650 0 4 _aAgricultural ecology.
700 1 _aLópez Cadenas de Llano, Filiberto,
_ecoordinador.
910 _admb
_bkslcksl
_d20180521
942 _2ddc
_cBOOK
994 _aC0
_bPEPRU
596 _a1
999 _a333.74137 I5
_wLC
_c27555
_i78487
_f2022-4-17
_g4
_lCCODEBUL1
_mBUL
_p138.37
_r1
_sY
_tBOOK
_u2018-5-21
_xINGENIERIA
_PP24
_0COMPRA
_1FCOMPRA
_o.CIRCNOTE. Material de alto precio
_o.STAFF. Colección Ingeniería y Arquitectura
_d27555
999 _a333.74137 I5
_wLC
_c2
_i78488
_f2022-4-17
_g4
_lCCODEBUL1
_mBUL
_p138.37
_r1
_sY
_tBOOK
_u2018-5-21
_xINGENIERIA
_PP24
_0COMPRA
_o.STAFF. Colección Ingeniería y Arquitectura
980 _81
_gALBERTO SANCHEZ Responsable de Automatización